[Event "South African op"]
[Site "Durban"]
[Date "2017.07.14"]
[Round "1"]
[White "Mahomole, Sekgwari"]
[Black "Mwale, Joseph"]
[Result "0-1"]
[WhiteElo "1558"]
[BlackElo "2159"]
[PlyCount "68"]
[EventDate "2017.07.14"]
[EventType "swiss"]
[EventRounds "11"]
[EventCountry "RSA"]
[SourceTitle "CBM 179 Extra"]
[Source "ChessBase"]
[SourceDate "2017.08.23"]
[SourceVersion "1"]
[SourceVersionDate "2017.08.23"]
[SourceQuality "1"]

1. d4 Nf6 2. c4 e6 3. g3 d5 4. Bg2 Be7 5. Nf3 0-0 6. 0-0 dxc4 7. Qc2 b5 8. Rd1 Bb7 9. Bf4 Be4 10. Qc1 Nd5 11. Nc3 Nxc3 12. bxc3 c6 13. Ne5 Bxg2 14. Kxg2 f6 15. Nf3 Nd7 16. Qe3 Rc8 17. Qxe6+ Kh8 18. d5 Nc5 19. Qf5 g6 20. Qc2 cxd5 21. Be3 Qd7 22. Rd4 Ne6 23. Rh4 f5 24. Ne5 Qe8 25. Rh3 Bf6 26. Nf3 a5 27. Rd1 Qc6 28. Nd4 Nxd4 29. Bxd4 Bxd4 30. Rxd4 Rce8 31. Qd2 Re4 32. Rxe4 fxe4 33. Qd4+ Qf6 34. Qa7 Rf7 0-1